000 01064nam a2200265Ia 4500
003 Ost
005 20260507075641.0
008 260507s9999||||xx |||||||||||||| ||und||
020 _a6338204977
040 _cfsecg
041 _aara
082 _a1.42
100 _aاللحلح، أحمد عبد الله
_eمؤلف
245 0 _aالبحث العلمي :
_bتعريفه، خطواته، مناهجه، المفاهيم الإحصائية /
_c أحمد عبد الله اللحلح
260 _aالإسكندرية:
_bالدار الجامعية,
_c2002
300 _a305 صفحة؛
_bإيضاحات ؛
_c24 سم
504 _aالمراجع ص.300
520 _aالعلم والبحث العلمي، أساسيات المنهج العلمي في البحث، أدوات البحث العلمي
653 _aأساليب البحث
653 _aالأساليب الاحصائية
653 _aالبحث العلمي
653 _aالمنهجية
700 _aأبوبكر، مصطفى محمود
_eمؤلف ثانوي
942 _cكتاب
999 _c45416
_d45416